000 01053nam a22003371i 4500
999 _c1509
_d1509
001 019622933
003 UkOxU
005 20230104102208.0
008 130716r20131991enka j 000 f eng|d
015 _aGBB378736
_2bnb
016 7 _a016488531
_2Uk
020 _a9780141350554 (pbk.) :
035 _a(Uk)016488531
040 _aStDuBDS
_beng
_erda
_cStDuBDS
_dUk
_dKH8
042 _aukblsr
082 0 4 _a823.914 DAH
_223
100 1 _aDahl, Roald,
_eauthor.
245 1 4 _aThe Minpins /
_cRoald Dahl ; illustrated by Patrick Benson.
264 1 _aLondon :
_bPuffin,
_c2013.
300 _a47 pages :
_bchiefly illustrations (colour) ;
_c27 cm
336 _atext
_2rdacontent
336 _astill image
_2rdacontent
337 _aunmediated
_2rdamedia
338 _avolume
_2rdacarrier
500 _aOriginally published: London: Jonathan Cape, 1991.
500 _aFormerly CIP.
_5Uk
650 0 _aDwarfs (Persons)
_vPictorial works
_vJuvenile fiction.
655 0 _aChildren's stories.
700 1 _aBenson, Patrick,
_eartist.
942 _2ddc
_cNFIC